| 000 | 00934nam a2200217 a 4500 | ||
|---|---|---|---|
| 001 | 000023226 | ||
| 005 | 20200930022055.0 | ||
| 008 | 101130s1990 sp ab r 000 0 spa d | ||
| 020 | _a8478200630 | ||
| 040 |
_aDO-SdBNP _bspa _cBNPHU |
||
| 082 |
_aNNN _bV355r |
||
| 100 | 1 |
_aVaubourgoin, Jean Raphaël _947818 |
|
| 245 | 1 | 0 |
_aEl Real Monasterio de Nuestra Señora de Rueda / _cJean Raphaël Vaubourgoin ; presentación, traducción y nota histórica sobre el Cister por Juan Antonio Gracia. |
| 260 |
_aZaragoza, (España) : _bInstitución Fernando el Católico, _c1990. |
||
| 300 |
_a96, [1] p. : _bil., mapas ; _c22 cm. |
||
| 490 | 1 |
_aPublicación de la Institución Fernando el Católico _v1235 |
|
| 500 | _aIncluye referencias bibliográficas y notas al pie de las páginas. | ||
| 700 | 1 |
_aGracia Gimeno, Juan Antonio _etr _947819 |
|
| 830 | 0 |
_aPublicación de la Institución Fernando el Católico ; _v1235 _914666 |
|
| 049 | _aBNGR | ||
| 999 |
_c22723 _d22723 |
||